000 00583nam a2200229Ia 4500
008 210210b2020 xxu||||| |||| 00| 0 eng d
020 _a978938855181
041 _aeng
082 _a338.1954871 SALS
100 _aSALVADY (Bhaskar Shetty)
245 _aSouth Kenara vasahathushahi prabhuthvadalli krushi badhukau
260 _aUdupi
_bProDigi Printing
_c2020
300 _ax,192
650 _avasahathushahi
650 _aSouth
650 _aprabhuthvadalli
650 _akrushi
650 _aKenara
650 _abadhukau
690 _aAgriculture
906 _a074511
999 _c128266
_d128266